| 000 | 01314nam0a22002891 4500 | ||
|---|---|---|---|
| 001 | rc\2689527 | ||
| 005 | 20260406104436.0 | ||
| 035 | _a(NLR Aleph) 006817821 | ||
| 090 |
_a6411472 _c6411472 |
||
| 100 | _a20110915d1933 |||y0rusy50 ca | ||
| 101 | 0 | _arus | |
| 102 | _aRU | ||
| 105 | _ach z ||||| | ||
| 200 | 1 |
_aК пятидесятилетию смерти К. Маркса. 1883-1933 _eСборник _fПроредактирован т. Е. Варга и Е. Хмельницкой _gИн-т мирового хоз-ва и мировой политики при Комакад. |
|
| 210 |
_aМосква _cПартиздат _d1933 _g"Образцовая" тип. |
||
| 215 |
_a314, [3] с., 2 вкл. л. портр., факс. _d23х15 см. |
||
| 300 | _aПереплет: Г. Бершадский | ||
| 300 | _aТекст на рус. и нем. яз. | ||
| 702 | 1 |
_4340 _aВарга _bЕ. С. _f1879-1964 _gЕвгений Самуилович _9149835 _3RU\NLR\AUTH\770149871 |
|
| 702 | 1 |
_aХмельницкая _bЕ. _4340 |
|
| 710 | 0 | 2 |
_aИнститут мирового хозяйства и мировой политики _cМосква _9277297 _3RU\NLR\AUTH\883077 |
| 801 | 0 |
_aRU _bNLR _gpsbo |
|
| 801 | 1 |
_aRU _bELAR _2rusmarc |
|
| 852 |
_aNLR _j33-4/181 |
||
| 942 | _cBOOK | ||
| 980 | _aNB | ||